[Event "XII Open A"]
[Site "Bergamo ITA"]
[Date "2013.07.19"]
[Round "1"]
[White "Brunello, Sabino"]
[Black "Granaldi, Alessandro"]
[WhiteElo "2593"]
[BlackElo "2114"]
[Result "1-0"]
[PlyCount "53"]
[EventDate "2013.07.19"]

1. d4 Nf6 2. c4 c5 3. d5 b5 4. cxb5 a5 5. bxa6 g6 6. Nc3 Bxa6 7. Nf3 d6 8. e4
Bxf1 9. Kxf1 Nbd7 10. g3 Bg7 11. Kg2 Qa5 12. Bd2 O-O 13. a4 Rfb8 14. Nb5 Qb6
15. Qc2 e6 16. dxe6 fxe6 17. Bf4 e5 18. Bg5 Qc6 19. Rhe1 Nxe4 20. Rxe4 d5 21.
Ree1 d4 22. b3 h6 23. Bd2 g5 24. h3 Nf6 25. Rxe5 Nd5 26. Nbxd4 Qb7 27. Qg6 1-0

[Event "XII Open A"]
[Site "Bergamo ITA"]
[Date "2013.07.19"]
[Round "1"]
[White "Campini, Marco"]
[Black "Caprio, Guido"]
[WhiteElo "2072"]
[BlackElo "2415"]
[Result "1/2-1/2"]
[PlyCount "54"]
[EventDate "2013.07.19"]

1. e4 c5 2. Nc3 Nc6 3. g3 g6 4. Bg2 Bg7 5. Nge2 Nf6 6. O-O d6 7. d4 cxd4 8.
Nxd4 Bg4 9. Nxc6 bxc6 10. Qd3 Nd7 11. Rb1 Qa5 12. b4 Qh5 13. f4 O-O 14. Rb3 a5
15. a3 axb4 16. axb4 c5 17. Be3 c4 18. Qxc4 Rfc8 19. Qd5 Be6 20. Qxh5 gxh5 21.
Nd5 Rxc2 22. h3 Nf6 23. Rf2 Rxf2 24. Bxf2 Ra1+ 25. Kh2 Ra2 26. Kg1 Ra1+ 27. Kh2
Ra2 1/2-1/2

[Event "XII Open A"]
[Site "Bergamo ITA"]
[Date "2013.07.19"]
[Round "1"]
[White "Elitropi, Giorgio"]
[Black "Giretti Kanev, Jasen"]
[WhiteElo "2005"]
[BlackElo "2191"]
[Result "0-1"]
[PlyCount "76"]
[EventDate "2013.07.19"]

1. f4 d5 2. Nf3 Bf5 3. e3 e6 4. b3 Nf6 5. Bb2 Bc5 6. Nc3 O-O 7. Be2 Nc6 8. a3
a6 9. d4 Bd6 10. Ne5 Bxe5 11. fxe5 Ng4 12. Qd2 Qh4+ 13. g3 Qh3 14. Bf3 Qh6 15.
Nd1 Be4 16. O-O Bxf3 17. Rxf3 f6 18. exf6 Rxf6 19. Rxf6 gxf6 20. Qe2 f5 21. Bc3
Re8 22. Qg2 Nxe3 23. Bd2 Nxg2 24. Bxh6 Ne1 25. c3 e5 26. Ne3 exd4 27. Rxe1 dxe3
28. Bxe3 Na5 29. Kf2 Nxb3 30. Rd1 c6 31. Bb6 a5 32. a4 Re4 33. Rb1 Nd2 34. Rd1
Nc4 35. Bc7 Re7 36. Bd8 Rd7 37. Bg5 Kf7 38. h4 Nb2 0-1

[Event "XII Open A"]
[Site "Bergamo ITA"]
[Date "2013.07.19"]
[Round "1"]
[White "Ficco, Corrado"]
[Black "Hera, Imre jr"]
[WhiteElo "2092"]
[BlackElo "2558"]
[Result "0-1"]
[PlyCount "48"]
[EventDate "2013.07.19"]

1. c4 e6 2. g3 d5 3. Bg2 Nf6 4. Nf3 dxc4 5. Qa4+ c6 6. Qxc4 b5 7. Qc2 Bb7 8. d4
Nbd7 9. O-O c5 10. a4 b4 11. Nbd2 Rc8 12. Qd3 Be7 13. b3 O-O 14. Bb2 cxd4 15.
Bxd4 Nc5 16. Qb1 Nd5 17. Rc1 Nc3 18. Bxc3 bxc3 19. Nc4 Be4 20. Qa2 Rb8 21. Rxc3
Bf6 22. Nce5 Bxf3 23. Rxc5 Bxg2 24. Kxg2 Qd4 0-1

[Event "XII Open A"]
[Site "Bergamo ITA"]
[Date "2013.07.19"]
[Round "1"]
[White "Gagliardi, Christian"]
[Black "Castrogiovanni, Carlo"]
[WhiteElo "2215"]
[BlackElo "2014"]
[Result "1-0"]
[PlyCount "114"]
[EventDate "2013.07.19"]

1. e4 c5 2. Nc3 a6 3. f4 b5 4. Nf3 b4 5. Nb1 Bb7 6. d3 e6 7. Be3 Nf6 8. Nbd2 d5
9. e5 Ng4 10. Bg1 Be7 11. g3 Nd7 12. Bg2 h5 13. h3 Nh6 14. Bf2 Qc7 15. O-O g6
16. c4 bxc3 17. bxc3 O-O 18. c4 Rfb8 19. Qc2 Nb6 20. Nb3 dxc4 21. dxc4 a5 22.
Rab1 Rd8 23. Nbd2 Nd7 24. Ne4 Rab8 25. Nc3 Bc6 26. a4 Nb6 27. Nb5 Qb7 28. Ne1
Qd7 29. Bxc6 Qxc6 30. Ng2 Rd7 31. Rfd1 Rbd8 32. Rxd7 Rxd7 33. Ne3 Kg7 34. Nc3
Rd4 35. Ne2 Rd8 36. Rb5 Ra8 37. Qb3 Nc8 38. Nc3 Qf3 39. Qd1 Qxd1+ 40. Nexd1 Nf5
41. Ne2 Ra6 42. Bxc5 Na7 43. Bxa7 Rxa7 44. g4 hxg4 45. hxg4 Nh6 46. Kf2 Rc7 47.
Rxa5 Rxc4 48. Kf3 Rc2 49. Ne3 Ra2 50. g5 Ng8 51. Nc3 Ra3 52. Nb5 Rb3 53. Nd4
Ra3 54. Ke4 Rc3 55. Ra7 Bc5 56. Nxe6+ Kh8 57. Nxc5 Rxc5 1-0

[Event "XII Open A"]
[Site "Bergamo ITA"]
[Date "2013.07.19"]
[Round "1"]
[White "Ganci, Stefano"]
[Black "Srebrnic, Vojko"]
[WhiteElo "1947"]
[BlackElo "2184"]
[Result "0-1"]
[PlyCount "121"]
[EventDate "2013.07.19"]

1. b4 e5 2. Bb2 Bxb4 3. Bxe5 Nf6 4. c4 Nc6 5. Bb2 O-O 6. Nf3 d5 7. cxd5 Nxd5 8.
e3 Bf5 9. Be2 Be7 10. a3 Bf6 11. d4 Re8 12. O-O Na5 13. Nbd2 c5 14. Nc4 Nxc4
15. Bxc4 Nb6 16. Bd3 Bxd3 17. Qxd3 Na4 18. Rab1 Nxb2 19. Rxb2 b6 20. Rd1 Qe7
21. Rc2 cxd4 22. Nxd4 Bxd4 23. exd4 Rad8 24. h3 g6 25. d5 Rd6 26. Rc6 Red8 27.
Rxd6 Qxd6 28. Qa6 Rd7 29. Qc8+ Kg7 30. Qc3+ Qf6 31. Qg3 h5 32. Qb3 Qe5 33. Qd3
Rd6 34. Qb3 g5 35. Qc4 Kg6 36. Rd3 Qe1+ 37. Kh2 Rf6 38. f3 Qe5+ 39. Kg1 Rd6 40.
Rd1 h4 41. a4 Kf6 42. Qb5 Qc3 43. Kf1 Qc8 44. Qb2+ Kg6 45. Qb1+ Qf5 46. Qb5 Qc2
47. Re1 Kf6 48. Qe8 Qd3+ 49. Kg1 Qd4+ 50. Kf1 Rxd5 51. Qh8+ Kg6 52. Qg8+ Qg7
53. Qa8 Ra5 54. Qe4+ Kh6 55. Rc1 Qb2 56. Rc6+ Kg7 57. Qc4 Qa1+ 58. Ke2 Rxa4 59.
Qd5 Ra2+ 60. Kd3 Qb1+ 61. Rc2 0-1

[Event "XII Open A"]
[Site "Bergamo ITA"]
[Date "2013.07.19"]
[Round "1"]
[White "Guerra, Alessandro"]
[Black "Migliorini, Matteo"]
[WhiteElo "2212"]
[BlackElo "2006"]
[Result "1-0"]
[PlyCount "112"]
[EventDate "2013.07.19"]

1. d4 Nf6 2. Nf3 g6 3. g3 Bg7 4. Bg2 d5 5. O-O O-O 6. c4 Nc6 7. cxd5 Nxd5 8. e4
Nb6 9. d5 Na5 10. Nc3 c6 11. Qe2 cxd5 12. Rd1 d4 13. e5 Nc6 14. Nb5 Bg4 15. h3
Bxf3 16. Bxf3 Nxe5 17. Bxb7 Rb8 18. Bg2 d3 19. Qe4 Nbc4 20. b3 Rxb5 21. bxc4
Rb4 22. Bf4 Rxc4 23. Qe3 Qd4 24. Rab1 Qxe3 25. Bxe3 Rd8 26. Rb7 Rc2 27. Rxa7 d2
28. Kf1 Rc1 29. Ke2 Rxd1 30. Kxd1 Nc4 31. Bf3 Nb2+ 32. Kc2 d1=Q+ 33. Bxd1 Nxd1
34. Bb6 Rd6 35. Ra8+ Bf8 36. Rb8 Nxf2 37. Bxf2 Ra6 38. Kb3 Kg7 39. a4 e5 40.
Be1 f5 41. a5 f4 42. gxf4 exf4 43. Kc4 f3 44. Rb2 Re6 45. Bc3+ Kf7 46. Rf2 Rc6+
47. Kb3 Bc5 48. Rxf3+ Ke7 49. Ka4 Re6 50. Kb5 Re3 51. Rxe3+ Bxe3 52. Kc6 g5 53.
a6 h5 54. Bd2 Ba7 55. Bxg5+ Ke6 56. Kb7 Bd4 1-0

[Event "XII Open A"]
[Site "Bergamo ITA"]
[Date "2013.07.19"]
[Round "1"]
[White "Ivanisevic, Ivan"]
[Black "Miracola, Massimiliano"]
[WhiteElo "2649"]
[BlackElo "2128"]
[Result "1-0"]
[PlyCount "47"]
[EventDate "2013.07.19"]

1. e4 c5 2. Nc3 e6 3. f4 d5 4. Nf3 Nc6 5. Bb5 Nge7 6. exd5 Nxd5 7. O-O Nxc3 8.
bxc3 Be7 9. Bxc6+ bxc6 10. c4 Rb8 11. Ba3 Qa5 12. Qc1 f6 13. d3 Qc3 14. Nd2 a5
15. Kh1 a4 16. Ne4 Qa5 17. Qe1 Qxe1 18. Rfxe1 f5 19. Nxc5 Bxc5 20. Bxc5 Kd7 21.
Rab1 Ba6 22. h4 Rhc8 23. a3 g6 24. Kg1 1-0

[Event "XII Open A"]
[Site "Bergamo ITA"]
[Date "2013.07.19"]
[Round "1"]
[White "Kupresakovic, Marko"]
[Black "De Palma, Fabrizio"]
[WhiteElo "1926"]
[BlackElo "2136"]
[Result "1-0"]
[PlyCount "99"]
[EventDate "2013.07.19"]

1. d4 Nf6 2. c4 e6 3. Nc3 Bb4 4. Bg5 c5 5. dxc5 h6 6. Bd2 Nc6 7. Nf3 Bxc5 8. e3
O-O 9. Be2 b6 10. a3 Bb7 11. b4 Be7 12. O-O Rc8 13. Rc1 a5 14. b5 Nb8 15. a4 d6
16. Nd4 Nbd7 17. Nb3 Ne5 18. Nb1 Ne4 19. f4 Nd7 20. Nc3 Nxd2 21. Qxd2 Nc5 22.
Nxc5 Rxc5 23. f5 Qa8 24. Bd3 Rfc8 25. fxe6 fxe6 26. Qe2 Bxg2 27. Qg4 Bxf1 28.
Qxe6+ Kh8 29. Rxf1 Re5 30. Qh3 Rg5+ 31. Kf2 Rf8+ 32. Ke1 Rxf1+ 33. Qxf1 Qe8 34.
Nd5 Re5 35. Kd2 Bg5 36. Qf3 Kg8 37. Qg3 Qf7 38. h4 Bd8 39. Nf4 Qf6 40. Nd5 Qf7
41. Nf4 Bxh4 42. Qxh4 g5 43. Qg4 Kg7 44. Nh5+ Kh8 45. Ng3 Qf2+ 46. Kc3 Qxe3 47.
Ne2 Re8 48. Qh5 Qe5+ 49. Kc2 Re6 50. Qf7 1-0

[Event "XII Open A"]
[Site "Bergamo ITA"]
[Date "2013.07.19"]
[Round "1"]
[White "Maurer, Jochen"]
[Black "Bellavita, Guido"]
[WhiteElo "2293"]
[BlackElo "2031"]
[Result "0-1"]
[PlyCount "70"]
[EventDate "2013.07.19"]

1. e4 e6 2. d4 d5 3. Nd2 Nc6 4. Ngf3 Nf6 5. e5 Nd7 6. Bd3 f6 7. exf6 Qxf6 8.
O-O Bd6 9. Nb3 O-O 10. Bg5 Qf7 11. Bh4 h6 12. Bg3 e5 13. Bb5 e4 14. Bxd6 cxd6
15. Nfd2 Nf6 16. f3 Qg6 17. Qe1 Nh5 18. Kh1 Be6 19. fxe4 Rxf1+ 20. Bxf1 dxe4
21. Qxe4 Bf5 22. Qd5+ Kh7 23. c3 Rf8 24. Re1 Nf4 25. Qf3 Ne6 26. Qe3 Ng5 27. g3
Rf7 28. Bg2 Nh3 29. Nf3 Bg4 30. Nbd2 Re7 31. Qxe7 Nxe7 32. Rxe7 Qc2 33. Nh4
Nf2+ 34. Kg1 Qxd2 35. h3 Nxh3+ 0-1

[Event "XII Open A"]
[Site "Bergamo ITA"]
[Date "2013.07.19"]
[Round "1"]
[White "Messina, Enrico"]
[Black "Ventura, Salvatore"]
[WhiteElo "2247"]
[BlackElo "2017"]
[Result "0-1"]
[PlyCount "94"]
[EventDate "2013.07.19"]

1. e4 c5 2. d4 cxd4 3. c3 dxc3 4. Nxc3 Nc6 5. Bc4 g6 6. Nf3 Bg7 7. e5 Nxe5 8.
Nxe5 Bxe5 9. Bxf7+ Kxf7 10. Qd5+ Kg7 11. Qxe5+ Nf6 12. O-O d6 13. Qg3 Bd7 14.
Re1 Rf8 15. Qh4 Rf7 16. Bg5 Bc6 17. Rad1 Qd7 18. Rd4 h5 19. h3 Re8 20. Rf4 Ref8
21. Rd4 Re8 22. Be3 e5 23. Rd2 a6 24. Bg5 Qe6 25. Red1 Rd8 26. Re2 Qf5 27. Re3
Rdd7 28. Red3 Nh7 29. Be3 Qe6 30. Qb4 d5 31. Qb3 Nf6 32. Bg5 Qf5 33. Bxf6+ Rxf6
34. Rf3 Qe6 35. Rxf6 Kxf6 36. Qb4 d4 37. Ne2 Qd6 38. Qd2 Qd5 39. f3 d3 40. Nc3
Qd4+ 41. Kh1 g5 42. Re1 Qf4 43. Re3 g4 44. Ne4+ Bxe4 45. fxe4 Kg6 46. Kg1 g3
47. h4 Qf2+ 0-1

[Event "XII Open A"]
[Site "Bergamo ITA"]
[Date "2013.07.19"]
[Round "1"]
[White "Messina, Roberta"]
[Black "Godena, Michele"]
[WhiteElo "2089"]
[BlackElo "2524"]
[Result "0-1"]
[PlyCount "54"]
[EventDate "2013.07.19"]

1. c4 e5 2. g3 Nf6 3. Bg2 c6 4. Nc3 d5 5. cxd5 cxd5 6. d3 Bb4 7. Bd2 Nc6 8. a3
Bxc3 9. Bxc3 O-O 10. e4 Bg4 11. f3 Be6 12. Bh3 Qb6 13. Bxe6 fxe6 14. Rb1 dxe4
15. dxe4 Nxe4 16. Qc2 Nxc3 17. bxc3 Qe3+ 18. Kf1 Rad8 19. Re1 Qd3+ 20. Re2 e4
21. f4 e5 22. Qb3+ Kh8 23. Qxb7 exf4 24. gxf4 Rxf4+ 25. Kg2 Rg4+ 26. Kf2 Rf8+
27. Ke1 Qxc3+ 0-1

[Event "XII Open A"]
[Site "Bergamo ITA"]
[Date "2013.07.19"]
[Round "1"]
[White "Montilli, Vincenzo"]
[Black "Neuschmied, Siegfried"]
[WhiteElo "2015"]
[BlackElo "2243"]
[Result "1-0"]
[PlyCount "71"]
[EventDate "2013.07.19"]

1. d4 Nf6 2. c4 g6 3. Nc3 Bg7 4. e4 O-O 5. Nf3 d6 6. h3 e5 7. d5 a5 8. Bg5 Na6
9. Be2 Qe8 10. Nd2 h6 11. Be3 Nd7 12. g4 f5 13. gxf5 gxf5 14. exf5 Ndc5 15. Rg1
Kh8 16. Nde4 Nxe4 17. Nxe4 Bxf5 18. Ng3 Qg6 19. Bh5 Qh7 20. Nxf5 Qxf5 21. Bg6
Qf3 22. Qd2 Rf4 23. Bxf4 exf4 24. Qe2 Qxe2+ 25. Kxe2 Bxb2 26. Rab1 Bd4 27. Rg4
Rf8 28. Kf3 Nc5 29. Re1 Be5 30. Reg1 Nd7 31. Rh4 Bg7 32. Rxf4 Ne5+ 33. Ke4 Ra8
34. Ke3 Ra6 35. Re4 Rb6 36. f4 1-0

[Event "XII Open A"]
[Site "Bergamo ITA"]
[Date "2013.07.19"]
[Round "1"]
[White "Movileanu, Daniela"]
[Black "Napoli, Nicolo'"]
[WhiteElo "2030"]
[BlackElo "2291"]
[Result "0-1"]
[PlyCount "76"]
[EventDate "2013.07.19"]

1. e4 c6 2. d4 d5 3. exd5 cxd5 4. Bd3 Nc6 5. c3 g6 6. Bf4 Bg7 7. Nf3 Nf6 8.
Nbd2 O-O 9. O-O Nh5 10. Bg3 Kh8 11. Re1 f6 12. Nh4 f5 13. Nhf3 f4 14. Bh4 Bf5
15. Bxf5 Rxf5 16. Ng5 Qb6 17. Nb3 a5 18. Rb1 Bf6 19. Nf7+ Kg7 20. Bxf6+ Kxf7
21. Be5 Rd8 22. Qe2 a4 23. Nd2 Nxe5 24. dxe5 Ng7 25. Nf3 Ne6 26. Rbd1 Kg7 27.
Nd4 Nxd4 28. Rxd4 f3 29. gxf3 Rdf8 30. Rb4 Qe6 31. f4 Rxf4 32. Rxf4 Rxf4 33.
Qd3 Qg4+ 34. Kf1 e6 35. Qg3 Qf5 36. h3 Rf3 37. Qg2 Rxh3 38. Ra1 Qh5 0-1

[Event "XII Open A"]
[Site "Bergamo ITA"]
[Date "2013.07.19"]
[Round "1"]
[White "Negro, Roberto"]
[Black "Bardone, Lorenzo"]
[WhiteElo "2185"]
[BlackElo "1988"]
[Result "1-0"]
[PlyCount "57"]
[EventDate "2013.07.19"]

1. c4 e5 2. g3 Nf6 3. Bg2 c6 4. d4 exd4 5. Qxd4 d5 6. Nf3 Be7 7. O-O O-O 8.
cxd5 cxd5 9. Rd1 Nc6 10. Qd3 Be6 11. Nc3 Qd7 12. Bf4 Rfd8 13. Ne5 Nxe5 14. Bxe5
Rac8 15. Bxf6 Bxf6 16. Nxd5 Bxb2 17. Rab1 Be5 18. Qe3 Bd6 19. Qxa7 Ra8 20. Qxb7
Rxa2 21. Qxd7 Bxd7 22. Nc3 Ra6 23. Bb7 Ra3 24. Rxd6 Rxc3 25. Rbd1 Rc7 26. Bc6
Rxc6 27. Rxc6 Kf8 28. Rcd6 Ke7 29. e4 1-0

[Event "XII Open A"]
[Site "Bergamo ITA"]
[Date "2013.07.19"]
[Round "1"]
[White "Pienabarca, Nicola"]
[Black "Georgiev, Kiril D."]
[WhiteElo "2115"]
[BlackElo "2636"]
[Result "0-1"]
[PlyCount "106"]
[EventDate "2013.07.19"]

1. d4 Nf6 2. c4 e5 3. dxe5 Ng4 4. Nf3 Bc5 5. e3 Nc6 6. Be2 O-O 7. O-O Ngxe5 8.
Nxe5 Nxe5 9. Nd2 Re8 10. Nf3 d6 11. Bd2 a5 12. Bc3 Qe7 13. Bd4 Nc6 14. Bxc5
dxc5 15. Qc1 Qf6 16. Rd1 Bg4 17. a3 b6 18. Qc2 g6 19. h3 Bf5 20. Qc1 a4 21. Nd2
Na5 22. Bf3 Rad8 23. e4 Be6 24. Qc2 Rd4 25. Qxa4 Red8 26. b4 Nxc4 27. Nxc4 Rxc4
28. Rxd8+ Qxd8 29. Rd1 Qf8 30. Qa7 cxb4 31. axb4 Qxb4 32. Qa8+ Kg7 33. Rd8 f6
34. Rd1 Qe7 35. Qa1 Bf7 36. Qb2 h5 37. Qb5 Qc5 38. Qd7 Rc2 39. Rd2 Rc1+ 40. Rd1
Rc2 41. Rd2 Rxd2 42. Qxd2 Be6 43. g4 h4 44. Qb2 b5 45. Bd1 b4 46. Bb3 Qc3 47.
Qxc3 bxc3 48. Bc2 g5 49. Kf1 Bc4+ 50. Ke1 Kf7 51. f3 Ke6 52. Kf2 Ke5 53. Ba4
Kd4 0-1

[Event "XII Open A"]
[Site "Bergamo ITA"]
[Date "2013.07.19"]
[Round "1"]
[White "Quaranta, Cristiano"]
[Black "Bonassi, Tommaso"]
[WhiteElo "2168"]
[BlackElo "1944"]
[Result "1/2-1/2"]
[PlyCount "53"]
[EventDate "2013.07.19"]

1. e4 c5 2. d4 cxd4 3. c3 d3 4. Bxd3 d6 5. c4 Nf6 6. Nc3 e6 7. Nf3 Be7 8. O-O
O-O 9. Qe2 Nbd7 10. Rd1 Qc7 11. Nb5 Qb8 12. b3 a6 13. Nbd4 Ng4 14. Bb2 Bf6 15.
h3 Nge5 16. Nxe5 Nxe5 17. Bc2 Bd7 18. a4 Ng6 19. Qd2 Rd8 20. f4 b5 21. axb5
axb5 22. Rxa8 Qxa8 23. Nxb5 Qb7 24. Kh1 Qb6 25. f5 Nf8 26. fxe6 fxe6 27. Qe2
1/2-1/2

[Event "XII Open A"]
[Site "Bergamo ITA"]
[Date "2013.07.19"]
[Round "1"]
[White "Rota, Simone"]
[Black "Aghayev, Miragha"]
[WhiteElo "2037"]
[BlackElo "2299"]
[Result "0-1"]
[PlyCount "96"]
[EventDate "2013.07.19"]

1. d4 Nf6 2. c4 g6 3. Nf3 Bg7 4. Nc3 d5 5. Bf4 c5 6. e3 O-O 7. Be2 cxd4 8. Nxd4
dxc4 9. O-O Qa5 10. Qa4 Qxa4 11. Nxa4 Nbd7 12. Bg3 Ne4 13. Bc7 e5 14. Nb5 a6
15. Nd6 Nef6 16. Nb6 Nxb6 17. Bxb6 Nd5 18. Nxc4 Be6 19. Rac1 Rac8 20. Ba5 Rc6
21. Bd2 e4 22. b3 Rfc8 23. a4 b6 24. Rfd1 g5 25. Kf1 Bf8 26. Ne5 Rxc1 27. Rxc1
Rxc1+ 28. Bxc1 Bd6 29. Nc6 Nc3 30. Nd4 Nxe2 31. Kxe2 Bg4+ 32. Kd2 Bxh2 33. g3
h5 34. Ba3 h4 35. gxh4 gxh4 36. Be7 h3 37. Ke1 Be5 38. Kf1 h2 39. Kg2 Bf3+ 40.
Nxf3 exf3+ 41. Kh1 f5 42. Bd8 b5 43. Bg5 Bg3 44. Bf4 Bxf2 45. Kxh2 Kf7 46. axb5
axb5 47. b4 Ke6 48. Bc7 Kd5 0-1

[Event "XII Open A"]
[Site "Bergamo ITA"]
[Date "2013.07.19"]
[Round "1"]
[White "Sgnaolin, Davide"]
[Black "Buiano, Fabio"]
[WhiteElo "2258"]
[BlackElo "2029"]
[Result "0-1"]
[PlyCount "86"]
[EventDate "2013.07.19"]

1. e4 c5 2. c3 g6 3. Nf3 Bg7 4. d4 cxd4 5. cxd4 d5 6. e5 Bg4 7. Qb3 Qd7 8. Nc3
Bxf3 9. gxf3 Nc6 10. Be3 e6 11. Bd3 Nge7 12. h4 h5 13. Rg1 Bf8 14. O-O-O Nf5
15. Bxf5 gxf5 16. Bg5 Na5 17. Qb5 Nc4 18. Kb1 Rc8 19. Bf6 Rh7 20. Rg8 Qxb5 21.
Nxb5 a6 22. Na7 Ra8 23. b3 Nb6 24. Rc1 Kd7 25. a4 Bb4 26. Rxa8 Nxa8 27. Nc8 Rh6
28. a5 Bxa5 29. Nd6 Rxf6 30. Nxb7 Rg6 31. Nxa5 Rg2 32. Rc2 Rh2 33. Rc6 Nc7 34.
Rd6+ Kc8 35. Nc6 Nb5 36. Ne7+ Kc7 37. Rxa6 Rxh4 38. Ra8 Rh1+ 39. Kb2 h4 40. Rf8
h3 41. Rxf7 h2 42. Nxf5+ Kc6 43. Ng3 Rf1 0-1

[Event "XII Open A"]
[Site "Bergamo ITA"]
[Date "2013.07.19"]
[Round "1"]
[White "Siclari, Giovanni"]
[Black "Pilgaard, Kim"]
[WhiteElo "2054"]
[BlackElo "2403"]
[Result "1/2-1/2"]
[PlyCount "103"]
[EventDate "2013.07.19"]

1. Nf3 Nf6 2. c4 g6 3. Nc3 d5 4. cxd5 Nxd5 5. e4 Nxc3 6. dxc3 Qxd1+ 7. Kxd1 Bg7
8. Be3 O-O 9. Kc2 b6 10. Nd2 Bb7 11. f3 c5 12. a4 Nc6 13. Be2 Rac8 14. Nc4 Ba6
15. Kb3 Rfd8 16. Rhe1 Bxc4+ 17. Kxc4 Nd4 18. Rac1 Kf8 19. Bf4 Ne6 20. Be3 Nd4
21. Bf4 e5 22. Bg5 f6 23. cxd4 Rxd4+ 24. Kb3 fxg5 25. Red1 Ke7 26. Rxd4 exd4
27. Bd3 Ke6 28. Kc4 a6 29. Kb3 a5 30. Kc4 Be5 31. Kb5 Bc7 32. b3 Rf8 33. Kc6
Bd8 34. Rf1 Rf6 35. g3 Ke7+ 36. Kd5 Rd6+ 37. Kc4 Bc7 38. f4 gxf4 39. gxf4 Rd8
40. h4 Kf6 41. e5+ Ke6 42. Rg1 Rf8 43. Rg4 Bd8 44. Be4 Ke7 45. h5 gxh5 46. Rg7+
Rf7 47. Rxh7 Rxh7 48. Bxh7 Ke6 49. Kd3 h4 50. Ke4 Kf7 51. Bf5 Be7 52. Bh3
1/2-1/2

[Event "XII Open A"]
[Site "Bergamo ITA"]
[Date "2013.07.19"]
[Round "1"]
[White "Simonetto, Adriano"]
[Black "Molina, Fabrizio"]
[WhiteElo "2026"]
[BlackElo "2248"]
[Result "1/2-1/2"]
[PlyCount "160"]
[EventDate "2013.07.19"]

1. d4 d5 2. c4 c6 3. Nf3 Nf6 4. Qc2 dxc4 5. Qxc4 e6 6. Bg5 Be7 7. Nc3 b5 8. Qd3
Bb7 9. Bxf6 Bxf6 10. Ne4 O-O 11. Nxf6+ Qxf6 12. e4 Nd7 13. e5 Qe7 14. Be2 a6
15. O-O Rfd8 16. Rac1 Rac8 17. Rfd1 c5 18. dxc5 Nxe5 19. Qc3 Nxf3+ 20. Bxf3
Rxd1+ 21. Bxd1 Qg5 22. g3 b4 23. Qc4 Bd5 24. Qxa6 Ra8 25. f4 Qf6 26. Qd3 Qxb2
27. Rc2 Qb1 28. Qd2 Rxa2 29. Rxa2 Qxa2 30. Qxa2 Bxa2 31. c6 Bd5 32. c7 Bb7 33.
Bf3 Bc8 34. Kf2 Kf8 35. Ke3 Ke7 36. Kd4 Kd6 37. Kc4 Kxc7 38. Kxb4 Bb7 39. Bh5
g6 40. Bd1 Kd6 41. Kc4 f6 42. Kd4 Bg2 43. Bc2 e5+ 44. fxe5+ fxe5+ 45. Ke3 Ke6
46. h4 Bh3 47. h5 Bf5 48. Bb3+ Kf6 49. hxg6 hxg6 50. Bd5 Kg5 51. Kf3 Bc2 52.
Bc6 Kf5 53. Bd7+ Kg5 54. Bc6 Bd1+ 55. Ke4 Kf6 56. Bd5 Bc2+ 57. Kf3 Kf5 58. Bf7
Bd1+ 59. Ke3 g5 60. Bd5 Kg4 61. Kf2 Bc2 62. Bf3+ Kf5 63. Ke3 e4 64. Be2 Bd3 65.
Bd1 Bf1 66. Bh5 Bg2 67. Be2 Bh3 68. Bd1 Bg4 69. Ba4 Ke5 70. Bc2 Bf3 71. Ba4 Kd5
72. Bc2 Ke5 73. Ba4 Kf6 74. Bc6 Kf5 75. Bd7+ Kg6 76. Be8+ Kh6 77. Bf7 Bg2 78.
Be8 Bf3 79. Bf7 Bg2 80. Be8 Bf3 1/2-1/2

[Event "XII Open A"]
[Site "Bergamo ITA"]
[Date "2013.07.19"]
[Round "1"]
[White "Sirena, Gianni"]
[Black "Chiaretti, Roberto"]
[WhiteElo "2014"]
[BlackElo "2212"]
[Result "1-0"]
[PlyCount "109"]
[EventDate "2013.07.19"]

1. e4 e5 2. f4 Bc5 3. Nf3 d6 4. Bc4 Nf6 5. Nc3 Nc6 6. d3 Be6 7. Bxe6 fxe6 8.
Na4 Bb6 9. Nxb6 axb6 10. fxe5 dxe5 11. Bg5 O-O 12. O-O Qe8 13. Bxf6 Rxf6 14.
Qe1 Qe7 15. Qc3 Qd6 16. a3 Raf8 17. Qc4 b5 18. Qc3 Rf4 19. Rae1 R8f6 20. b4 b6
21. Nd2 Rxf1+ 22. Nxf1 Qd4+ 23. Qxd4 exd4 24. Nd2 Rf8 25. e5 Ra8 26. Nb1 Ne7
27. Rc1 Kf7 28. c3 dxc3 29. Rxc3 Nd5 30. Rc6 Ke7 31. g3 Kd7 32. Rc1 Rc8 33. d4
Ra8 34. Kf2 g5 35. Ke2 g4 36. Rf1 Ke7 37. Kd3 Ra4 38. Rc1 Ra7 39. Rf1 Ra8 40.
Ke4 c5 41. dxc5 bxc5 42. bxc5 Ra4+ 43. Kd3 Rc4 44. Rf2 Rxc5 45. Rc2 Rxc2 46.
Kxc2 Kd7 47. Kd3 Kc6 48. Kd4 Kb6 49. Nd2 Ne7 50. Nb3 b4 51. axb4 Nc6+ 52. Ke4
Nxb4 53. Nd4 h5 54. Nxe6 Nc2 55. Ng7 1-0

[Event "XII Open A"]
[Site "Bergamo ITA"]
[Date "2013.07.19"]
[Round "1"]
[White "Solodovnichenko, Yuri"]
[Black "Foo, William J."]
[WhiteElo "2555"]
[BlackElo "2090"]
[Result "1-0"]
[PlyCount "71"]
[EventDate "2013.07.19"]

1. g3 d5 2. Bg2 e5 3. d3 Nf6 4. Nf3 Nc6 5. O-O Be7 6. a3 a5 7. b3 O-O 8. Bb2 d4
9. c3 Be6 10. Nbd2 Bd5 11. cxd4 exd4 12. Bh3 Bc5 13. Qc2 Ba7 14. Rac1 Qe7 15.
Rfe1 Nh5 16. Bg4 Nf6 17. Bf5 Rae8 18. Bh3 Nh5 19. Bg2 Kh8 20. b4 axb4 21. axb4
Nxb4 22. Qxc7 Qxc7 23. Rxc7 Bb6 24. Rcc1 Na2 25. Ra1 Nc3 26. Ba3 Rg8 27. Ng5
Bd8 28. Bxd5 Bxg5 29. Nf3 Nxd5 30. Nxg5 h6 31. Nxf7+ Kh7 32. Bc5 Nc3 33. Kf1
Kg6 34. Bxd4 Nb5 35. Ne5+ Kf6 36. Bb2 1-0

[Event "XII Open A"]
[Site "Bergamo ITA"]
[Date "2013.07.19"]
[Round "1"]
[White "Solomon, Kenny"]
[Black "Bargeri, Ludovico"]
[WhiteElo "2410"]
[BlackElo "2054"]
[Result "1-0"]
[PlyCount "41"]
[EventDate "2013.07.19"]

1. Nf3 Nf6 2. c4 b6 3. g3 Bb7 4. Bg2 g6 5. b3 c5 6. Bb2 Bg7 7. O-O O-O 8. Nc3
Nc6 9. e3 Nb4 10. d4 cxd4 11. exd4 d5 12. Ne5 Rb8 13. a3 Na6 14. Nb5 Ne4 15.
Qe2 f5 16. f3 Nd6 17. Nxa7 Qe8 18. cxd5 Nc7 19. Nac6 Ba6 20. Nd3 Ra8 21. f4 1-0

[Event "XII Open A"]
[Site "Bergamo ITA"]
[Date "2013.07.19"]
[Round "1"]
[White "Zimina, Olga"]
[Black "Ranfagni, Stefano"]
[WhiteElo "2330"]
[BlackElo "2037"]
[Result "1-0"]
[PlyCount "55"]
[EventDate "2013.07.19"]

1. Nf3 d5 2. c4 e6 3. g3 c6 4. Bg2 Bd6 5. O-O f5 6. d4 Nf6 7. Qc2 O-O 8. Nc3
Qe7 9. Rb1 b6 10. a3 Ba6 11. cxd5 cxd5 12. Ne5 Re8 13. Qa4 Bxe5 14. dxe5 Nfd7
15. Nxd5 exd5 16. Bxd5+ Kf8 17. Bxa8 Bxe2 18. Re1 Nc5 19. Qd4 Rd8 20. Qc3 Bd3
21. Ra1 Qe6 22. Bg5 Rd7 23. Rad1 h6 24. Be3 Nba6 25. b4 Ne4 26. Qc8+ Kf7 27.
Rxd3 Rxd3 28. Qxa6 1-0

[Event "XII Open A"]
[Site "Bergamo ITA"]
[Date "2013.07.19"]
[Round "2"]
[White "Aghayev, Miragha"]
[Black "Sirena, Gianni"]
[WhiteElo "2299"]
[BlackElo "2014"]
[Result "1-0"]
[PlyCount "77"]
[EventDate "2013.07.19"]

1. e4 d6 2. d4 Nf6 3. Nc3 g6 4. f4 Bg7 5. Nf3 c5 6. Bb5+ Bd7 7. e5 Ng4 8. e6
fxe6 9. Ng5 Bxb5 10. Nxb5 Qa5+ 11. c3 Qxb5 12. Nxe6 Qc4 13. Qxg4 cxd4 14. f5
Bf6 15. fxg6 Rg8 16. g7 Kf7 17. Nxd4 Nc6 18. Nf5 Qxg4 19. Nh6+ Kg6 20. Nxg4
Bxg7 21. O-O Ne5 22. Ne3 Rgf8 23. Bd2 Rxf1+ 24. Kxf1 Bh6 25. Ke2 Bxe3 26. Bxe3
a6 27. Rf1 b5 28. Rf4 h5 29. h3 Nc4 30. Bc1 e5 31. Rf3 Rd8 32. h4 e4 33. Rg3+
Kf7 34. Rg5 Rg8 35. Rxg8 Kxg8 36. b3 Ne5 37. Ke3 d5 38. Kd4 Ng4 39. Kxd5 1-0

[Event "XII Open A"]
[Site "Bergamo ITA"]
[Date "2013.07.19"]
[Round "2"]
[White "Bargeri, Ludovico"]
[Black "Sgnaolin, Davide"]
[WhiteElo "2054"]
[BlackElo "2258"]
[Result "1/2-1/2"]
[PlyCount "57"]
[EventDate "2013.07.19"]

1. d4 Nf6 2. c4 c5 3. d5 b5 4. cxb5 a6 5. bxa6 g6 6. Nc3 Bxa6 7. Nf3 d6 8. e4
Bxf1 9. Kxf1 Nbd7 10. g3 Bg7 11. Kg2 O-O 12. a4 Ra6 13. Qc2 Qa8 14. Nb5 Rc8 15.
Bd2 e6 16. dxe6 fxe6 17. Rhe1 c4 18. Bf4 e5 19. Bg5 Ne8 20. Red1 h6 21. Be3 Kh7
22. Nd2 Nef6 23. h3 d5 24. exd5 Nxd5 25. Kh2 Nxe3 26. fxe3 Rf8 27. Ne4 Qc8 28.
Nbd6 Qa8 29. Nb5 1/2-1/2